LEADER 01135nam a2200325 i 4500 001 991000933929707536 005 20020507180120.0 008 960912s1972 de ||| | eng 020 $a3540058370 035 $ab10777751-39ule_inst 035 $aLE01304522$9ExL 040 $aDip.to Matematica$beng 082 0 $a512.22 084 $aAMS 20F05 100 1 $aCoxeter, Harold Scott Macdonald$041090 245 10$aGenerators and relations for discrete groups /$cH. S. M. Coxeter, W. O. J. Moser 250 $a3rd ed 260 $aBerlin :$bSpringer-Verlag,$c1972 300 $aix, 161 p. :$bill. ;$c24 cm. 500 $aBibliography: p. 143-156 650 4$aDiscrete groups 650 4$aGroup theory-generators 650 4$aGroup theory-relations 700 1 $aMoser, W. O. J. 907 $a.b10777751$b21-09-06$c28-06-02 912 $a991000933929707536 945 $aLE013 20F COX11 (1972)$g1$i2013000059679$lle013$o-$pE0.00$q-$rl$s- $t0$u0$v0$w0$x0$y.i10876820$z28-06-02 996 $aGenerators and relations for discrete groups$9344076 997 $aUNISALENTO 998 $ale013$b01-01-96$cm$da $e-$feng$gde $h0$i1 LEADER 02604nam 22004573 450 001 9910155640503321 005 20250810090534.0 010 $a1-5071-5591-3 035 $a(CKB)3710000000975293 035 $a(BIP)057431193 035 $a(VLeBooks)9781507155912 035 $a(MiAaPQ)EBC32253082 035 $a(Au-PeEL)EBL32253082 035 $a(Exl-AI)993710000000975293 035 $a(OCoLC)1532839649 035 $a(EXLCZ)993710000000975293 100 $a20250810d2016 uy 0 101 0 $aita 135 $aurcnu|||||||| 181 $ctxt$2rdacontent 182 $cc$2rdamedia 183 $acr$2rdacarrier 200 10$aAllie Strom e l'Anello Di Salomone 205 $a1st ed. 210 1$aBielefeld :$cBabelcube Inc,$d2016. 210 4$dİ2016. 215 $a1 online resource (106 p.) 330 8 $aSua madre #65533; scomparsa. Pi#65533; di un amico la tradir#65533;. Fortuna che la ragazza nuova della scuola ha una collana magica.Inizia oggi a leggere la serie supereroica!Allie #65533; la tipica adolescente appassionata di calcio in una nuova scuola, almeno fino a quando una strana collana le concede abilit#65533; che superano i suoi sogni pi#65533; folli. Quando rifiuta di lasciare che i bulli spadroneggino nella sua scuola, si fa un nuovo amico e parecchi nuovi nemici.Daniel era un nerd che sperava di fare amicizia con la ragazza nuova, ma quando la magia della collana di Allie lo teletrasporta assieme a lei e mette entrambe le loro vite in pericolo, non #65533; pi#65533; cos#65533; sicuro di volerlo.A Allie viene confermato che sua madre #65533; scomparsa durante una missione oltreoceano con l'esercito, e che la magia della sua collana #65533; la chiave per salvarla. Daniel ed Allie non si fermeranno davanti a nulla per ritrovarla, fermare un angelo caduto che ha preso il controllo di una loro amica e salvare il mondo.Allie Strom e l'Anello di Salomone #65533; un Urban Fantasy/Thriller soprannaturale ricco di azione e mito che vede la nascita di una leggenda. L'autore Justin Sloan #65533; ossessionato da Harry Potter e ritiene che Hermione fosse la vera eroina, come si nota in questo primo libro della sua nuova serie. 606 $aSupernatural$7Generated by AI 606 $aUrban fiction$7Generated by AI 615 0$aSupernatural 615 0$aUrban fiction 700 $aSloan$b Justin$01435105 701 $aM. Tidona$b Carmelo$01836873 801 0$bMiAaPQ 801 1$bMiAaPQ 801 2$bMiAaPQ 906 $aBOOK 912 $a9910155640503321 996 $aAllie Strom e l'Anello Di Salomone$94415102 997 $aUNINA